000 nam a22 a 4500
999 _c444928
_d444928
003 BLK
005 20220215111255.0
008 220215b bu |||||r|||| 00| | bu d
040 _aBLK
041 _aRUS
_cRUS
080 _aФренска литература
_b821.133.1
_x-1
_z821.133.1-1
100 _9270365
_aБоске, Ален
_eпърви автор
139 _aБоске, Ален
245 _aИзбранные стихотворения
_cАлен Боске; пер. с фр. под ред. Морис Ваксмахер; предисл. Евгений Винокуров
260 _9212226
_aМосква
_bРадуга
_c1984
_n5-05-
300 _a184 с.
_c17 см
380 _aX
700 _9464095
_aВаксмахер, Морис
_eпер с фр. под ред.
700 _91268
_aВинокуров, Евгений Михайлович
_eпредисл. от
852 _aЦб I 21364
_bО
942 _cKNG
_n0
_s1
944 _aCR
_c2022-02-15
_kХристина Везирева